Актуальные проблемы туберкулеза (Запись № 10154960)

Подробности
000 -МАРКЕР
контрольное поле 02496nam0a2200349 i 4500
001 - ИДЕНТИФИКАТОР ЗАПИСИ
контрольное поле RU\NLR\BIBL_A\010799986
005 - ИДЕНТИФИКАТОР ВЕРСИИ
контрольное поле 20260405164725.0
010 ## - МЕЖДУНАРОДНЫЙ СТАНДАРТНЫЙ НОМЕР КНИГИ (ISBN)
Номер (ISBN) 9785838801364
Тираж 50
021 ## - НОМЕР ГОСУДАРСТВЕННОЙ РЕГИСТРАЦИИ
Код страны Российская Федерация
Номер 2015-39831
Номер Листа государственной регистраци 2368
035 ## - ДРУГИЕ СИСТЕМНЫЕ НОМЕРА
Идентификатор записи (NILC)RuMoRGB-007942924
035 ## - ДРУГИЕ СИСТЕМНЫЕ НОМЕРА
Идентификатор записи (NLR Aleph) 010799986
100 ## - ДАННЫЕ ОБЩЕЙ ОБРАБОТКИ
Данные общей обработки 20150721d2014 k y0rusy50 ca
101 0# - ЯЗЫК РЕСУРСА
Язык текста, звукозаписи и т.д. русский
102 ## - СТРАНА ПУБЛИКАЦИИ ИЛИ ПРОИЗВОДСТВА
Страна публикации Российская Федерация
105 ## - ПОЛЕ КОДИРОВАННЫХ ДАННЫХ: ТЕКСТОВЫЕ МАТЕРИАЛЫ, МОНОГРАФИЧЕСКИЕ
Кодированные данные о монографическом текстовом документе ac||z|||100yy
200 1# - ЗАГЛАВИЕ И СВЕДЕНИЯ ОБ ОТВЕТСТВЕННОСТИ
Основное заглавие Актуальные проблемы туберкулеза
Сведения, относящиеся к заглавию материалы III межрегиональной научно-практической и учебно-методической конференции с международным участием, 19 марта 2014 года
Первые сведения об ответственности под общ. ред. М.Н. Калинкина и А.В. Асеева
210 ## - ПУБЛИКАЦИЯ, РАСПРОСТРАНЕНИЕ И ДР.
Место издания, распространения и т.д. Тверь
Имя издателя, распространителя и т. д. Редакционно-издательский центр Тверской государственной медицинской академии
Дата издания, распространения и т.д. 2014
215 ## - ФИЗИЧЕСКАЯ ХАРАКТЕРИСТИКА
Специфическое обозначение материала и объем 153 с.
Другие сведения о физической характеристике цв. ил., портр.
Размеры 21
300 ## - ОБЩИЕ ПРИМЕЧАНИЯ
Текст примечания В надзаг.: Гос. бюджет. образоват. учреждение высш. проф. образования "Твер. гос. мед. акад." М-ва здравоохранения Рос. Федерации, М-во здравоохранения Твер. обл., Гос. казен. учреждение здравоохранения Твер. обл. "Твер. обл. клинич. противотуберкулез. диспансер"
300 ## - ОБЩИЕ ПРИМЕЧАНИЯ
Текст примечания Памяти М.И. Перельмана посвящается
320 ## - ПРИМЕЧАНИЯ О НАЛИЧИИ В ДОКУМЕНТЕ БИБЛИОГРАФИИ / УКАЗАТЕЛЯ
Текст примечания Библиогр. в конце ст.
600 #1 - ИМЯ ЛИЦА КАК ПРЕДМЕТ
Начальный элемент ввода Перельман
Часть имени, кроме начального элемента ввода М. И.
Даты 1924-2013
Расширение инициалов личного имени Михаил Израйлевич
606 ## - НАИМЕНОВАНИЕ ТЕМЫ КАК ПРЕДМЕТ
Наименование темы Туберкулез
Формальный подзаголовок Съезды, совещания и т.п
Системный номер авторитетной/нормативной записи 930954
Идентификатор авторитетной/нормативной записи RU\NLR\AUTH\6624202
686 1# - ИНДЕКСЫ ДРУГИХ КЛАССИФИКАЦИЙ
Индекс Р54я431(2)
702 #1 - ИМЯ ЛИЦА - ВТОРИЧНАЯ ОТВЕТСТВЕННОСТЬ
Код отношения Редактор
Графика поля Кириллица
Материалы, к которым относится поле rus
Начальный элемент ввода Калинкин
Часть имени, кроме начального элемента ввода М. Н.
Дополнения к именам, кроме дат д-р мед. наук
Даты 1950-
Расширение инициалов личного имени Михаил Николаевич
Системный номер авторитетной/нормативной записи 53572
Идентификатор авторитетной/нормативной записи RU\NLR\AUTH\7770644
711 12 - НАИМЕНОВАНИЕ ОРГАНИЗАЦИИ - АЛЬТЕРНАТИВНАЯ ОТВЕТСТВЕННОСТЬ
Начальный элемент ввода "Актуальные проблемы туберкулёза", межрегиональная научно-практическая конференция с международным участием
Порядковый номер временной организации и / или порядковый номер ее части 3
Место проведения временной организации Тверь
Дата проведения временной организации 2014
Системный номер авторитетной/нормативной записи 476157
Идентификатор авторитетной/нормативной записи RU\NLR\AUTH\880404594
801 #0 - ИСТОЧНИК ЗАПИСИ
Страна Российская Федерация
Организация РГБ
Дата составления 20150601
Правила каталогизации RCR
942 ## - ДОПОЛНИТЕЛЬНЫЕ ЭЛЕМЕНТЫ ЗАПИСИ (АБИС)
Тип экземпляра АБИС Книга
980 ## - КОЛЛЕКЦИЯ
Название коллекции НБР

Нет доступных экземпляров.